00760cam a22002293a 45000010005000000030006000050050017000110080041000280400015000690420007000840500007000911000025000982450100001232600029002235060030002525160020002826530059003026530063003616530037004248300028004618560041004891148PGUSA20140828082957.0971201s1997||||xxu|||||s|||||000 | eng d aPGUSAbeng adc 4aDA1 aCambrensis, Giraldus14aThe Itinerary of Archbishop Baldwin Through Walesh[electronic resource] /cGiraldus Cambrensis bProject Gutenberg,c1997 aPublic domain in the USA. aElectronic text aWales -- Description and travel -- Early works to 1800 aBaldwin, Archbishop of Canterbury, approximately 1120-1190 aWales -- Social life and customs 0aProject Gutenbergv114840uhttp://www.gutenberg.org/ebooks/1148